000 00717nam a2200229 i 4500
001 172540
003 ES-MaACL
005 20230906214940.0
008 090716s1922 sp |||| | spa d
080 _a141.30
100 1 _aHugon, Édouard.
_9141093
245 1 4 _aLes vingt-quatre thèses thomistes /
_cÉdouard Hugon.
250 _a10e éd.
260 _aParis :
_bP. Tequi,
_c[1922]
300 _aXVI, 290 p. ;
_c19 cm.
490 1 _aPrincipes de philosophie
504 _aIncluye referencias bibliográficas.
650 4 _aEscolasticismo.
_9136013
830 0 _aPrincipes de philosophie
_9223362
852 1 _aBA
_jE-12857
_9R.139378
_z.- Biblioteca Jacinto Martínez Lacalle
999 _c172540
_d172540